ARRUPE JESUIT UNIVERSITY

CORONAVIRUS -STOP THE SPREAD - CLEAN,DISINFECT,COVER

Life with Queen Victoria: (Record no. 130303)

MARC details
000 -LEADER
fixed length control field 01027cam a22002891 4500
001 - CONTROL NUMBER
control field 1346033
003 - CONTROL NUMBER IDENTIFIER
control field ARRUPE
005 - DATE AND TIME OF LATEST TRANSACTION
control field 20200205092726.0
008 - FIXED-LENGTH DATA ELEMENTS--GENERAL INFORMATION
fixed length control field 690115s1968 enkacf 000 0 eng
010 ## - LIBRARY OF CONGRESS CONTROL NUMBER
LC control number 79351724
015 ## - NATIONAL BIBLIOGRAPHY NUMBER
National bibliography number B68-07953
020 ## - INTERNATIONAL STANDARD BOOK NUMBER
International Standard Book Number 0719517834
040 ## - CATALOGING SOURCE
Original cataloging agency DLC
Transcribing agency DLC
Modifying agency DLC
050 00 - LIBRARY OF CONGRESS CALL NUMBER
Classification number DA559.5
Item number .M34 1968b
082 00 - DEWEY DECIMAL CLASSIFICATION NUMBER
Classification number 941.081/0924
-- B
300 ## - PHYSICAL DESCRIPTION
Other physical details 13 plates, illus., ports.
Dimensions 23 cm.
100 1# - MAIN ENTRY--PERSONAL NAME
Personal name Mallet, Marie,
Titles and other words associated with a name Lady,
Dates associated with a name 1862-1934.
9 (RLIN) 49373
245 10 - TITLE STATEMENT
Title Life with Queen Victoria:
Remainder of title Marie Mallet's letters from court 1887-1901;
Statement of responsibility, etc edited by Victor Mallet.
260 ## - PUBLICATION, DISTRIBUTION, ETC. (IMPRINT)
Place of publication, distribution, etc London,
Name of publisher, distributor, etc J. Murray,
Date of publication, distribution, etc 1968.
300 ## - PHYSICAL DESCRIPTION
Extent xxiv, 245 p.
350 ## - PRICE (NR) (BK AM CF MU VM SE) [OBSOLETE]
Price 42/-
600 00 - SUBJECT ADDED ENTRY--PERSONAL NAME
Personal name Victoria,
Titles and other words associated with a name Queen of Great Britain,
Dates associated with a name 1819-1901
General subdivision Relations with courts and courtiers.
9 (RLIN) 49358
600 00 - SUBJECT ADDED ENTRY--PERSONAL NAME
Personal name Mallet, Marie
9 (RLIN) 49374
651 #0 - SUBJECT ADDED ENTRY--GEOGRAPHIC NAME
Geographic name Great Britain
General subdivision Court and courtiers
-- History
Chronological subdivision 19th century.
9 (RLIN) 49359
700 1# - ADDED ENTRY--PERSONAL NAME
Personal name Mallet, Victor,
Dates associated with a name 1893-1969,
Relator term ed.
9 (RLIN) 49375
906 ## - LOCAL DATA ELEMENT F, LDF (RLIN)
a 7
b cbc
c orignew
d u
e ncip
f 19
g y-gencatlg
942 ## - ADDED ENTRY ELEMENTS (KOHA)
Source of classification or shelving scheme Library of Congress Classification
Koha item type Monograph ( Printed materials)
Holdings
Withdrawn status Lost status Source of classification or shelving scheme Damaged status Not for loan Collection code Home library Current library Shelving location Date acquired Total Checkouts Full call number Barcode Date last seen Price effective from Koha item type
    Library of Congress Classification     Main Collection ARRUPE LIBRARY ARRUPE LIBRARY Main Collection 05/02/2020   DA559.5 .M34 1968b 46600006555 05/02/2020 05/02/2020 Monograph ( Printed materials)

 

Arrupe Library. PO Box MP320 Mt Pleasant, Harare, Zimbabwe
263 242 745411|librarian@aju.ac.zw